00486cam a2200169ua 45000010005000000080039000050200022000440400009000660410008000750820013000831000043000962450065001392500009002042600042002133000017002556530044002725393150216n ii |||gr||||Z||||||asm a978-81-7213-150-0 cMAIN aasm a891.4512 aHandique, Smritirekha Chetia,eAuthor, aAdhunik asomia natya chintancby Smritirekha Chetia Handique a2nd. aGuwahati:bPurbanchal Prakash,c2012. a232p:c18cm. aEast Indo-European & Celtic literatures